[Event "Belfort YWCC boys under 12"]
[Site "Belfort (90)"]
[Date "2005.07.26"]
[EventDate "?"]
[Round "9.2"]
[Result "1-0"]
[White "Sanan Sjugirov"]
[Black "Wesley So"]
[WhiteElo "2358"]
[BlackElo "2165"]
[PlyCount "66"]

1. e4 c5 2. Nf3 Nc6 3. Nc3 Nf6 4. Bb5 Qc7 5. O-O e6 6. Re1 d6
7. Bxc6+ Qxc6 8. d4 cxd4 9. Nxd4 Qd7 10. Bg5 Be7 11. Qe2 a6
12. Rad1 Qc7 13. Nf5 Rg8 14. Nxe7 Kxe7 15. f4 h6 16. e5 dxe5
17. fxe5 hxg5 18. exf6+ Kxf6 19. Qh5 Qc5+ 20. Kh1 g6 21. Qh6
Qf8 22. Ne4+ Ke7 23. Qxg5+ f6 24. Qc5+ Kf7 25. Nd6+ Kg7
26. Qc7+ Kh8 27. Nf7+ Kg7 28. Ne5+ Kh6 29. Ng4+ Kh5 30. Re4
Rg7 31. Qg3 g5 32. Qh3+ Kg6 33. Ra1 Qd8 1-0

[Event "Belfort YWCC boys under 12"]
[Site "Belfort"]
[Date "2005.07.28"]
[EventDate "2005.07.??"]
[Round "11"]
[Result "0-1"]
[White "Srinath Narayanan"]
[Black "Wesley So"]
[WhiteElo "2084"]
[BlackElo "2165"]
[PlyCount "76"]

1. e4 c5 2. Nf3 Nc6 3. d3 g6 4. g3 Bg7 5. Bg2 d6 6. O-O e5
7. Nbd2 Nge7 8. Re1 O-O 9. c3 h6 10. Nf1 Kh7 11. a3 a5 12. h4
f5 13. N1h2 d5 14. exf5 gxf5 15. h5 Bd7 16. Nh4 Bf6 17. Ng6
Rg8 18. Nxe7 Nxe7 19. Nf3 Nc6 20. Qb3 Be8 21. Qxb7+ Rg7
22. Qb3 a4 23. Qc2 Bxh5 24. Kh2 f4 25. Rh1 fxg3+ 26. fxg3 Bxf3
27. Bxf3 Bh4 28. d4+ e4 29. Bf4 Bg5 30. Be5 Nxe5 31. dxe5 Bf4
32. Bxe4+ Kh8 33. Bf5 Rxg3 34. Qg2 Qh4+ 35. Bh3 Rxh3+ 36. Kg1
Rxh1+ 37. Qxh1 Be3+ 38. Kg2 Rg8+ 0-1

[Event "ASEAN-ch6 U12"]
[Site "Thailand"]
[Date "2005.??.??"]
[EventDate "?"]
[Round "5"]
[Result "0-1"]
[White "Dominic Lo Kin Mun"]
[Black "Wesley So"]
[WhiteElo "1798"]
[BlackElo "2165"]
[PlyCount "108"]

1. e4 c5 2. Nf3 Nc6 3. d4 cxd4 4. Nxd4 Nf6 5. Nc3 e5 6. Ndb5
d6 7. Bg5 a6 8. Na3 b5 9. Nd5 Be7 10. Bxf6 Bxf6 11. c3 O-O
12. Nc2 Rb8 13. Nce3 Bg5 14. h4 Bxe3 15. Nxe3 Ne7 16. Bd3 Bb7
17. Qc2 Qb6 18. O-O Rbc8 19. Rad1 g6 20. h5 Qc6 21. hxg6 hxg6
22. f3 Kg7 23. Qf2 Rh8 24. Rfe1 Rcd8 25. c4 Rh7 26. Nd5 Rdh8
27. Qb6 bxc4 28. Qxc6 Nxc6 29. Bxc4 f5 30. exf5 gxf5 31. Nc7
Nd4 32. Ne6+ Nxe6 33. Bxe6 Rh1+ 34. Kf2 Rxe1 35. Kxe1 Rh1+
36. Ke2 Rxd1 37. Kxd1 Kf6 38. Bc4 d5 39. Bd3 Kg5 40. Ke2 e4
41. fxe4 fxe4 42. Bc2 Kf4 43. b4 d4 44. a4 Bd5 45. g3+ Kxg3
46. Bd3 Bb7 47. a5 Kf4 48. Bc4 Ke5 49. Kd2 Bc8 50. Ke2 Kf5
51. Kd2 Kf4 52. Be2 Kg3 53. Bd3 Kf3 54. b5 exd3 0-1

[Event "ASEAN-ch6 U12"]
[Site "Thailand"]
[Date "2005.??.??"]
[EventDate "?"]
[Round "4"]
[Result "1-0"]
[White "Wesley So"]
[Black "Yi Ren Daniel Chan"]
[WhiteElo "2165"]
[BlackElo "2004"]
[PlyCount "75"]

1. e4 e5 2. Bc4 Nf6 3. d3 Bc5 4. Nc3 Nc6 5. f4 d6 6. Nf3 Bg4
7. Na4 Bb6 8. Nxb6 axb6 9. O-O O-O 10. c3 d5 11. exd5 Nxd5
12. h3 Bxf3 13. Qxf3 Nxf4 14. Bxf4 exf4 15. Qxf4 Qd7 16. d4
Rae8 17. Rf3 Nd8 18. Raf1 Re7 19. Rg3 Ne6 20. Qg4 g6 21. Rf6
Kg7 22. Rgf3 b5 23. Bxe6 Rxe6 24. Rxe6 fxe6 25. Rxf8 Kxf8
26. Qf3+ Ke7 27. Qxb7 Kf6 28. Qf3+ Kg7 29. Qe4 c6 30. Qe5+ Kh6
31. h4 Qe7 32. g3 b4 33. Qg5+ Qxg5 34. hxg5+ Kxg5 35. cxb4 Kf6
36. a4 Ke7 37. g4 Kd6 38. Kf2 1-0

[Event "8th Dubai Open"]
[Site "Dubai"]
[Date "2006.04.28"]
[EventDate "2006.??.??"]
[Round "6.9"]
[Result "0-1"]
[White "Wesley So"]
[Black "Vishal Sareen"]
[WhiteElo "2254"]
[BlackElo "2386"]
[PlyCount "110"]

1. e4 c5 2. Nf3 d6 3. d4 cxd4 4. Nxd4 Nf6 5. Nc3 Nc6 6. Bg5 e6
7. Qd2 a6 8. O-O-O Bd7 9. f4 b5 10. Bxf6 gxf6 11. Kb1 Qb6
12. Nxc6 Bxc6 13. Qe1 Be7 14. f5 Qc5 15. Bd3 b4 16. Ne2 e5
17. Nc1 a5 18. Qe2 a4 19. Bc4 h5 20. Bd5 a3 21. Nd3 Qb6
22. Bxc6+ Qxc6 23. Nxb4 Qb7 24. c3 axb2 25. Rd5 Rg8 26. Kxb2
Qa7 27. Kb1 Rg4 28. g3 Kf8 29. Ka1 Qa3 30. Rd3 d5 31. Nxd5
Rxe4 32. Qc2 Rea4 33. Rd2 Qc5 34. Qd3 e4 35. Qe2 e3 36. Qxe3
Rxa2+ 37. Rxa2 Rxa2+ 38. Kxa2 Qxd5+ 39. Kb2 Qxh1 40. Qh6+ Kg8
41. Qxh5 Qb7+ 42. Kc2 Qe4+ 43. Kb3 Kg7 44. Qh3 Bd6 45. Qf1 Be5
46. Qf2 Qd3 47. Qe1 Qxf5 48. Qe2 Qe6+ 49. c4 Qb6+ 50. Ka4 Bc3
51. Qe7 Bd4 52. Qe2 Bc3 53. Qe7 Be5 54. c5 Qb2 55. c6 Qxh2 0-1

[Event "8th Dubai Open"]
[Site "Dubai"]
[Date "2006.04.24"]
[EventDate "2006.04.23"]
[Round "2.9"]
[Result "1/2-1/2"]
[White "Wesley So"]
[Black "Farid Abbasov"]
[WhiteElo "2254"]
[BlackElo "2467"]
[PlyCount "156"]

1. e4 g6 2. d4 Bg7 3. Nc3 c6 4. Nf3 d6 5. Be3 Qb6 6. a3 Nf6
7. h3 O-O 8. Bd3 Nbd7 9. O-O Qc7 10. Qd2 b6 11. Ne2 Bb7
12. Ng3 Rfe8 13. Bh6 Bh8 14. Rfe1 e5 15. c3 Rad8 16. Bg5 Nf8
17. Rad1 Ne6 18. Bh4 Nf4 19. Bb1 h6 20. Ne2 Nxe2+ 21. Rxe2 Kh7
22. Ree1 c5 23. dxe5 dxe5 24. Qe2 c4 25. Nd2 b5 26. Nf1 a6
27. f3 Rxd1 28. Rxd1 Rd8 29. Rxd8 Qxd8 30. Qd2 Qxd2 31. Nxd2
Nd7 32. Bf2 Bf6 33. Kf1 Be7 34. Bc2 Kg7 35. a4 Nc5 36. axb5
axb5 37. Ke2 Bc8 38. Nf1 Ne6 39. g3 Bc5 40. Bxc5 Nxc5 41. h4
Be6 42. Ne3 Kf8 43. f4 f6 44. f5 gxf5 45. exf5 Bf7 46. g4 Ke7
47. Nf1 Bd5 48. Ke3 Nd7 49. Ng3 Nb6 50. Nf1 Bc6 51. Nd2 Nd5+
52. Kf2 Be8 53. Be4 Nf4 54. Ke3 Kd6 55. Bf3 Bd7 56. Be4 Ke7
57. Nf3 Nh3 58. Ke2 Kd6 59. Ke3 Be8 60. Bc2 Bc6 61. Nd2 Nf4
62. Be4 Bd5 63. h5 Ke7 64. Bxd5 Nxd5+ 65. Ke2 Nb6 66. b3 cxb3
67. Nxb3 Na4 68. Kd3 Kd6 69. Nd2 Nc5+ 70. Ke3 Kd5 71. Kf3 Nd3
72. Ne4 Ne1+ 73. Ke3 Ng2+ 74. Kf3 Nh4+ 75. Ke3 Ng2+ 76. Kf3
Nh4+ 77. Ke3 Ng2+ 78. Kf3 Nh4+ 1/2-1/2

[Event "8th Dubai Open"]
[Site "Dubai"]
[Date "2006.04.25"]
[EventDate "2006.04.23"]
[Round "3.9"]
[Result "0-1"]
[White "Srdjan Sale"]
[Black "Wesley So"]
[WhiteElo "2453"]
[BlackElo "2254"]
[PlyCount "84"]

1. g3 c5 2. Bg2 Nc6 3. f4 g6 4. Nf3 Bg7 5. e4 e6 6. d3 Nge7
7. c3 O-O 8. O-O b6 9. a4 Ba6 10. Na3 Rc8 11. Re1 d6 12. Be3
e5 13. Nc4 Qc7 14. Qb3 Rcd8 15. Rad1 h6 16. Bc1 Kh7 17. Ne3
exf4 18. gxf4 f5 19. exf5 Nxf5 20. Nxf5 Rxf5 21. Nh4 Rf6
22. Qc2 Ne7 23. Qe2 Nf5 24. Nxf5 Rxf5 25. Be4 Rf6 26. Qg2 Bc8
27. Re3 Be6 28. Rg3 Qf7 29. Re1 Re8 30. Bd2 d5 31. Bf3 Qd7
32. b3 Bf7 33. Re5 Rd6 34. Rxe8 Qxe8 35. f5 Qe5 36. Bg4 d4
37. c4 gxf5 38. Bxf5+ Qxf5 39. Rxg7+ Kh8 40. Rg3 Rg6 41. Qa8+
Kh7 42. Qxa7 Rf6 0-1

[Event "8th Dubai Open"]
[Site "Dubai"]
[Date "2006.04.26"]
[EventDate "2006.??.??"]
[Round "4.9"]
[Result "1-0"]
[White "Wesley So"]
[Black "Fouad El Taher"]
[WhiteElo "2254"]
[BlackElo "2468"]
[PlyCount "43"]

1. e4 e5 2. Bc4 Nf6 3. d3 Bc5 4. Nc3 d6 5. f4 Ng4 6. f5 h5
7. Nh3 Ne3 8. Bxe3 Bxe3 9. Qf3 Bc5 10. Qg3 Rg8 11. Rf1 c6
12. Bxf7+ Kxf7 13. Qg6+ Kf8 14. f6 gxf6 15. Rxf6+ Qxf6
16. Qxf6+ Ke8 17. Ng5 Rf8 18. Qg6+ Kd8 19. Na4 Bf2+ 20. Kd2
Ke7 21. Qg7+ Ke8 22. Nh7 1-0

[Event "8th Dubai Open"]
[Site "Dubai"]
[Date "2006.05.01"]
[EventDate "2006.??.??"]
[Round "9.9"]
[Result "1-0"]
[White "Abhijeet Gupta"]
[Black "Wesley So"]
[WhiteElo "2449"]
[BlackElo "2254"]
[PlyCount "83"]

1. d4 Nf6 2. c4 e6 3. Nf3 b6 4. a3 Bb7 5. Nc3 d5 6. cxd5 Nxd5
7. Qc2 Be7 8. e4 Nxc3 9. bxc3 O-O 10. Bd3 c5 11. O-O Qc8
12. Qe2 Ba6 13. Rd1 Bxd3 14. Rxd3 cxd4 15. cxd4 Nd7 16. h4 Re8
17. h5 Qa6 18. Bf4 Rac8 19. Re1 Red8 20. Qe3 Nc5 21. Rc3 Nd7
22. Bc7 Re8 23. h6 Qb7 24. Rec1 Nf6 25. Be5 Rxc3 26. Rxc3 Qxe4
27. Qc1 Qg6 28. hxg7 Nd5 29. Rb3 f6 30. Bh2 Qxg7 31. Ne5 Qf8
32. Qc6 fxe5 33. Qxe6+ Kh8 34. Qxd5 Bf6 35. Bxe5 Bxe5 36. dxe5
Rc8 37. Qd2 Qf5 38. Re3 Re8 39. e6 Rxe6 40. Qd8+ Kg7 41. Qd7+
Kf6 42. Rf3 1-0

[Event "3rd Singapore Masters Chess Open"]
[Site "ASEAN Chess Academy"]
[Date "2006.12.28"]
[EventDate "2006.12.30"]
[Round "6"]
[Result "1-0"]
[White "Wesley So"]
[Black "Susanto Megaranto"]
[WhiteElo "2411"]
[BlackElo "2492"]
[PlyCount "91"]

1. e4 c6 2. d4 d5 3. Nc3 dxe4 4. Nxe4 Bf5 5. Ng3 Bg6 6. h4 h6
7. Nf3 Nd7 8. h5 Bh7 9. Bd3 Bxd3 10. Qxd3 e6 11. Bd2 Ngf6
12. O-O-O Be7 13. Ne4 Nxe4 14. Qxe4 Nf6 15. Qe2 Qd5 16. c4 Qe4
17. Qxe4 Nxe4 18. Be3 O-O 19. Ne5 Rfd8 20. g4 Rac8 21. f3 Nd6
22. a4 f6 23. Ng6 Kf7 24. b3 b5 25. c5 Ne8 26. axb5 cxb5
27. Kc2 a6 28. Ra1 Rc6 29. b4 Nd6 30. Rhd1 Nc4 31. Bg1 Rd7
32. f4 Bd8 33. f5 a5 34. fxe6+ Rxe6 35. Re1 Rxe1 36. Rxe1 a4
37. Nh8+ Kf8 38. Ng6+ Kf7 39. c6 Rc7 40. d5 Be7 41. Bc5 Bd6
42. Re6 Bxc5 43. bxc5 a3 44. Nh8+ Kf8 45. d6 Rxc6 46. d7 1-0

[Event "3rd Dato Arthur Tan"]
[Site "Kuala Lumpur MAL"]
[Date "2006.08.23"]
[EventDate "2006.08.21"]
[Round "6"]
[Result "0-1"]
[White "Sadikin Irwanto"]
[Black "Wesley So"]
[WhiteElo "2469"]
[BlackElo "2330"]
[PlyCount "98"]

1. d4 Nf6 2. Nf3 e6 3. c4 b6 4. g3 Ba6 5. b3 Bb4+ 6. Bd2 Be7
7. Bg2 c6 8. Bc3 d5 9. Ne5 Nfd7 10. Nxd7 Nxd7 11. Nd2 Rc8
12. O-O O-O 13. e4 c5 14. exd5 exd5 15. dxc5 dxc4 16. c6 cxb3
17. Nc4 b2 18. Bxb2 Bxc4 19. Qg4 Bf6 20. Bxf6 Qxf6 21. cxd7
Rc7 22. Rac1 Be6 23. Qa4 Rxd7 24. Rfd1 Qb2 25. Rb1 Qxa2
26. Qxa2 Rxd1+ 27. Rxd1 Bxa2 28. Ra1 Bc4 29. Rxa7 Rb8 30. Bf1
Bd5 31. Bb5 g6 32. Rd7 Be6 33. Rd6 Kf8 34. f4 Ke7 35. Rc6 Bd5
36. Rc2 Ra8 37. Bc4 Bxc4 38. Rxc4 Kd6 39. f5 Ra5 40. fxg6 fxg6
41. Rf4 Rf5 42. Rd4+ Kc6 43. Rc4+ Kb7 44. Re4 Rf7 45. Rb4 Kc6
46. Rc4+ Kd5 47. Rb4 Kc5 48. Rb1 b5 49. Rc1+ Kb4 0-1

[Event "Bad Wiesse 2006"]
[Site "Bad Wiesse, Germany"]
[Date "2006.??.??"]
[EventDate "?"]
[Round "?"]
[Result "1-0"]
[White "Wesley So"]
[Black "Michael Prusikin"]
[WhiteElo "2411"]
[BlackElo "2560"]
[PlyCount "59"]

1. e4 e6 2. d4 d5 3. Nc3 Nf6 4. Bg5 Be7 5. e5 Nfd7 6. Bxe7
Qxe7 7. f4 a6 8. Nf3 b6 9. Qd2 c5 10. Nd1 O-O 11. c3 f6
12. Bd3 a5 13. O-O Ba6 14. exf6 Qxf6 15. Ng5 g6 16. Ne3 h5
17. Rae1 Bxd3 18. Qxd3 cxd4 19. Nxe6 Qxe6 20. Nxd5 Qf7 21. Re7
Qf5 22. Qxd4 Nf6 23. Re5 Qd7 24. Qd3 Nxd5 25. Qxg6 Qg7
26. Qe6+ Qf7 27. Qh6 Qf6 28. Rg5+ Kf7 29. Qh7+ Ke8 30. Rxd5
1-0

[Event "2nd San Marino Open"]
[Site "San Marino"]
[Date "2006.06.08"]
[EventDate "2006.06.03"]
[Round "5"]
[Result "0-1"]
[White "Vinay Bhat"]
[Black "Wesley So"]
[WhiteElo "2409"]
[BlackElo "2254"]
[PlyCount "76"]

1. d4 Nf6 2. c4 e6 3. Nf3 b6 4. Nc3 Bb7 5. a3 d5 6. cxd5 Nxd5
7. e3 g6 8. Bb5+ c6 9. Bd3 Bg7 10. Na4 O-O 11. e4 Nf6 12. Qe2
c5 13. Bg5 Bc6 14. b3 h6 15. Bh4 g5 16. Bg3 Nh5 17. Rc1 cxd4
18. Bxb8 Bxa4 19. Bc7 Rc8 20. Bxd8 Rxc1+ 21. Kd2 Rxh1 22. Bc7
Rc8 23. Ne1 Rxc7 24. Qxh5 Bxb3 25. e5 Bf8 26. Qg4 Bxa3
27. Qxd4 Bd5 28. Qa4 Bf8 29. h3 Bc6 30. Qg4 Rd7 31. Qc4 Bc5
32. Ke2 Kg7 33. Qa6 Rd4 34. Qc8 Ba4 35. Qa6 Rb4 36. Nc2 Bxc2
37. Bxc2 Rb2 38. Qd3 Rc1 0-1

[Event "Bad Wiesse 2006"]
[Site "Bad Wiessee, Germany"]
[Date "2006.11.09"]
[EventDate "2006.11.04"]
[Round "6"]
[Result "0-1"]
[White "Vladimir Burmakin"]
[Black "Wesley So"]
[WhiteElo "2559"]
[BlackElo "2411"]
[PlyCount "62"]

1. d4 Nf6 2. c3 d5 3. Bf4 c6 4. e3 Bf5 5. Nd2 Nbd7 6. Be2 Qb6
7. Qc1 e6 8. Ngf3 Be7 9. O-O O-O 10. Nh4 Bg4 11. f3 Bh5 12. g4
Bg6 13. Nxg6 hxg6 14. b4 e5 15. Bg3 Rfe8 16. Rf2 Bd6 17. Nb3
Qc7 18. Kg2 Re7 19. a4 Rae8 20. Ra2 exd4 21. exd4 Re3 22. Bxd6
Qxd6 23. Bf1 Qf4 24. Rae2 Nxg4 25. fxg4 Qxg4+ 26. Kh1 Rxe2
27. Bxe2 Rxe2 28. Rxe2 Qxe2 29. Nc5 Nf6 30. Qf4 b6 31. Nb7 Ng4
0-1

[Event "Asian Individual Championship"]
[Site "Cebu City PHI"]
[Date "2007.09.20"]
[EventDate "2007.09.19"]
[Round "2.22"]
[Result "1-0"]
[White "Wesley So"]
[Black "Lanka Ravi"]
[WhiteElo "2519"]
[BlackElo "2426"]
[PlyCount "111"]

1. e4 c6 2. d4 d5 3. Nc3 dxe4 4. Nxe4 Bf5 5. Ng3 Bg6 6. h4 h6
7. Nf3 Nd7 8. h5 Bh7 9. Bd3 Bxd3 10. Qxd3 e6 11. Bf4 Qa5+
12. Bd2 Qa4 13. a3 Ngf6 14. b3 Qb5 15. c4 Qa6 16. O-O Bd6
17. Ne4 Nxe4 18. Qxe4 Nf6 19. Qh4 b5 20. Ne5 Rd8 21. Rfe1 Qb7
22. Rad1 Bxa3 23. Ba5 Rc8 24. b4 O-O 25. Re3 Bb2 26. Rb3 bxc4
27. Nxc4 Qb5 28. Nxb2 Nxh5 29. Rh3 Nf6 30. Rdd3 Nh7 31. Rde3
f5 32. Re5 Qb8 33. Nd3 Rf6 34. Rhe3 Qd6 35. Re1 Ng5 36. Nc5
Rg6 37. Kh1 Rf8 38. f4 Qxd4 39. Qg3 Rff6 40. Qe3 Qb2 41. Nd3
Qa2 42. fxg5 hxg5 43. Bd8 f4 44. Qe2 Qxe2 45. R1xe2 f3
46. Bxf6 gxf6 47. gxf3 fxe5 48. Nxe5 Rf6 49. Kg2 Kg7 50. Ra2
Rf4 51. Nxc6 Rc4 52. b5 Kf6 53. Kg3 e5 54. Rxa7 e4 55. fxe4
Rxe4 56. b6 1-0

[Event "Asian Individual Championship"]
[Site "Cebu City PHI"]
[Date "2007.09.22"]
[EventDate "2007.09.19"]
[Round "4.19"]
[Result "1-0"]
[White "Wesley So"]
[Black "Morteza Mahjoob"]
[WhiteElo "2516"]
[BlackElo "2479"]
[PlyCount "39"]

1. e4 d6 2. d4 Nf6 3. Nc3 g6 4. f4 Bg7 5. Nf3 O-O 6. Bd3 Na6
7. O-O c5 8. d5 Nc7 9. Qe1 e6 10. dxe6 fxe6 11. e5 Nfd5
12. Ne4 Nxf4 13. Bxf4 Rxf4 14. Nxd6 Nd5 15. Qg3 Qf8 16. Rae1
Ne7 17. Ng5 Rxf1+ 18. Rxf1 Nf5 19. Bxf5 gxf5 20. Rxf5 1-0

[Event "Asian Individual Championship"]
[Site "Cebu City PHI"]
[Date "2007.09.23"]
[EventDate "2007.09.19"]
[Round "5.10"]
[Result "1/2-1/2"]
[White "Chanda Sandipan"]
[Black "Wesley So"]
[WhiteElo "2563"]
[BlackElo "2516"]
[PlyCount "110"]

1. e4 c5 2. Nf3 Nc6 3. Bb5 Nf6 4. e5 Nd5 5. Nc3 Nc7 6. Bxc6
dxc6 7. h3 g6 8. d3 Bg7 9. O-O O-O 10. Bf4 Ne6 11. Qd2 Nd4
12. Nh2 Bf5 13. Ng4 Bxg4 14. hxg4 Qd7 15. Qd1 f5 16. g5 Ne6
17. g3 Rad8 18. Re1 Qd4 19. Ne2 Qxb2 20. Rb1 Qxa2 21. Rxb7
Rfe8 22. Qb1 Qxb1 23. Rexb1 Ra8 24. Ra1 a5 25. Ra4 Ra6 26. Kg2
Kf7 27. Nc1 c4 28. Rxc4 a4 29. d4 a3 30. Na2 h6 31. gxh6 Nxf4+
32. gxf4 Bxh6 33. Kf3 Bg7 34. Rb1 Rh8 35. Kg3 Rh5 36. Nb4 Ra4
37. c3 g5 38. Rxc6 gxf4+ 39. Kxf4 Rh3 40. Na2 Bh6+ 41. Kxf5
Rh4 42. e6+ Kg7 43. Rb7 Ra5+ 44. Rc5 Rxc5+ 45. dxc5 Rh5+
46. Ke4 Kf6 47. c6 Kxe6 48. Nb4 Rh4+ 49. Kd3 Bg7 50. c4 Rh3+
51. Kd2 Bc3+ 52. Ke2 Bxb4 53. Rxb4 Kd6 54. Rb6 Rc3 55. Ra6
Rxc4 1/2-1/2

[Event "Asian Individual Championship"]
[Site "Cebu City PHI"]
[Date "2007.09.24"]
[EventDate "2007.09.19"]
[Round "6.10"]
[Result "1/2-1/2"]
[White "Wesley So"]
[Black "Utut Adianto"]
[WhiteElo "2516"]
[BlackElo "2583"]
[PlyCount "101"]

1. e4 e5 2. Bc4 Nf6 3. d3 c6 4. Nf3 d5 5. Bb3 Bb4+ 6. Bd2
Bxd2+ 7. Nbxd2 Nbd7 8. O-O O-O 9. Re1 Re8 10. c3 Nc5 11. Bc2
Bg4 12. h3 Bh5 13. Qe2 Qb6 14. Rab1 Rad8 15. Qe3 Bg6 16. Nh4
Nxd3 17. Qxd3 dxe4 18. Qe2 e3 19. Bxg6 exd2 20. Bxf7+ Kxf7
21. Red1 Qa5 22. Nf3 e4 23. Qc4+ Qd5 24. Nxd2 e3 25. fxe3 Rxe3
26. Qxd5+ Rxd5 27. Nc4 Re6 28. Re1 b5 29. Rxe6 Kxe6 30. Re1+
Kd7 31. Ne5+ Kc7 32. Re2 a5 33. Nf3 Kd6 34. Kf2 b4 35. c4 Rd3
36. Ke1 a4 37. Rd2 Rxd2 38. Kxd2 Kc5 39. Kd3 Nh5 40. Ne1 Nf4+
41. Ke3 Ne6 42. b3 axb3 43. axb3 Kd6 44. Nc2 c5 45. Ke4 g6
46. h4 Nd8 47. Ne1 Nc6 48. Nf3 h6 49. g4 Na5 50. Nd2 Nc6
51. Nf3 1/2-1/2

[Event "Asian Individual Championship"]
[Site "Cebu City PHI"]
[Date "2007.09.25"]
[EventDate "2007.09.19"]
[Round "7.17"]
[Result "1-0"]
[White "Kim Steven Yap"]
[Black "Wesley So"]
[WhiteElo "2246"]
[BlackElo "2516"]
[PlyCount "81"]

1. e4 c5 2. Nf3 Nc6 3. d4 cxd4 4. Nxd4 Nf6 5. Nc3 e5 6. Ndb5
d6 7. Nd5 Nxd5 8. exd5 Nb8 9. Bd3 a6 10. Nc3 Be7 11. Qh5 Nd7
12. Be3 Nf6 13. Qf3 b5 14. a3 Bb7 15. g4 Rc8 16. g5 Nd7
17. Bf5 g6 18. Bg4 Rc4 19. h4 Nb6 20. Rd1 Na4 21. Nxa4 bxa4
22. h5 Rf8 23. c3 Bxg5 24. Qe2 Re4 25. Bf3 Rh4 26. Rxh4 Bxh4
27. Qc4 f5 28. Qxa4+ Kf7 29. Qb4 Qe7 30. c4 f4 31. Bb6 e4
32. Bg4 e3 33. Kf1 Qe4 34. Rd4 Qh1+ 35. Ke2 Kg7 36. Qxd6 f3+
37. Kxe3 Bxf2+ 38. Kd2 Qe1+ 39. Kc2 Qe8 40. h6+ Kh8 41. Be6
1-0

[Event "Asian Individual Championship"]
[Site "Cebu City PHI"]
[Date "2007.09.26"]
[EventDate "2007.09.19"]
[Round "8.16"]
[Result "1/2-1/2"]
[White "Wesley So"]
[Black "Ehsan Ghaem Maghami"]
[WhiteElo "2516"]
[BlackElo "2610"]
[PlyCount "156"]

1. e4 c5 2. Nf3 d6 3. d4 cxd4 4. Nxd4 Nf6 5. Nc3 a6 6. f4 Qc7
7. Nf3 Nbd7 8. a4 g6 9. Bd3 Bg7 10. O-O b6 11. Qe1 Bb7 12. Kh1
Nc5 13. Bd2 O-O 14. b4 Ncd7 15. Qh4 a5 16. bxa5 Rxa5 17. Nb5
Rxb5 18. axb5 Nxe4 19. Rae1 Nxd2 20. Nxd2 e6 21. Nc4 Nc5
22. Qg3 f5 23. Qe3 Bf6 24. Be2 Be4 25. Nd2 d5 26. c4 Qd6
27. cxd5 exd5 28. Rd1 Kg7 29. Qa3 Rd8 30. Bf3 Bd3 31. Rfe1
Bxb5 32. Nb3 Nd3 33. Qxd6 Rxd6 34. Re2 Nxf4 35. Red2 Ba4
36. Rb1 Bc3 37. Ra2 Bd7 38. g3 Nd3 39. Rd1 Nb4 40. Ra7 Kf6
41. Nc1 Be5 42. Be2 Nc6 43. Ra3 Nd4 44. Bd3 b5 45. Na2 Ne6
46. Ra5 d4 47. Nb4 Nc5 48. Kg1 f4 49. gxf4 Bxf4 50. Rf1 g5
51. h4 h6 52. hxg5+ Kxg5 53. Ra2 Bh3 54. Rf3 Bg4 55. Rg2 h5
56. Rf1 Re6 57. Bc2 Re2 58. Bd1 d3 59. Bxe2 dxe2 60. Re1 Be3+
61. Kh2 Bd2 62. Rexe2 Bxb4 63. Rb2 Nd3 64. Rb3 Bd6+ 65. Kg1
Ne1 66. Rxb5+ Kh4 67. Ra2 Kg3 68. Rb3+ Nf3+ 69. Kh1 Be5
70. Rg2+ Kf4 71. Rf2 Bd4 72. Rfxf3+ Bxf3+ 73. Rxf3+ Kxf3
74. Kh2 Be5+ 75. Kg1 h4 76. Kh1 h3 77. Kg1 h2+ 78. Kh1 Kf2
1/2-1/2

[Event "Asian Individual Championship"]
[Site "Cebu City PHI"]
[Date "2007.09.27"]
[EventDate "2007.09.19"]
[Round "9.23"]
[Result "1/2-1/2"]
[White "Mehrdad Ardeshi"]
[Black "Wesley So"]
[WhiteElo "2407"]
[BlackElo "2516"]
[PlyCount "53"]

1. e4 c5 2. Nf3 Nc6 3. Bb5 Nf6 4. Bxc6 dxc6 5. d3 g6 6. h3 Bg7
7. Nc3 Nd7 8. Be3 e5 9. Qd2 h6 10. O-O Qe7 11. Nh2 Nf8 12. f4
exf4 13. Bxf4 Ne6 14. Bg3 Nd4 15. Nf3 O-O 16. Rae1 Be6 17. e5
f5 18. exf6 Rxf6 19. Nxd4 Rxf1+ 20. Rxf1 cxd4 21. Ne4 Bd5
22. Re1 Qd7 23. Nc5 Qf7 24. Qe2 Rd8 25. b3 b6 26. Ne4 Qe6
27. Qd2 1/2-1/2

[Event "World Junior Championship"]
[Site "Yerevan ARM"]
[Date "2007.10.03"]
[EventDate "2007.10.03"]
[Round "1"]
[Result "1-0"]
[White "Wesley So"]
[Black "Emilis Pileckis"]
[WhiteElo "2531"]
[BlackElo "2349"]
[PlyCount "79"]

1. e4 c5 2. Nf3 Nc6 3. d4 cxd4 4. Nxd4 Nf6 5. Nc3 e5 6. Ndb5
d6 7. Bg5 a6 8. Na3 b5 9. Bxf6 gxf6 10. Nd5 f5 11. Bd3 Be6
12. O-O Bxd5 13. exd5 Ne7 14. c3 Bg7 15. Qh5 e4 16. Bc2 Qc8
17. Rae1 O-O 18. Kh1 Ng6 19. Bb1 Re8 20. Nc2 f4 21. Nb4 Re5
22. Qd1 Qc4 23. b3 Qxc3 24. Nc6 Rg5 25. Bxe4 Kh8 26. g3 f5
27. Bc2 Rg8 28. Qd3 Qc5 29. b4 Qb6 30. Qf3 Ne5 31. Qxf4 Rh5
32. Nxe5 dxe5 33. Rxe5 Qd6 34. Rxf5 Qxf4 35. Rxf4 Rc8 36. Bb3
Re5 37. d6 Rd8 38. Rd1 Bf8 39. d7 Re7 40. Rxf8+ 1-0

[Event "World Junior Championship"]
[Site "Yerevan ARM"]
[Date "2007.10.04"]
[EventDate "2007.10.03"]
[Round "2"]
[Result "0-1"]
[White "Krzysztof Bulski"]
[Black "Wesley So"]
[WhiteElo "2421"]
[BlackElo "2531"]
[PlyCount "68"]

1. e4 c5 2. Nf3 Nc6 3. d4 cxd4 4. Nxd4 Nf6 5. Nc3 e5 6. Ndb5
d6 7. Bg5 a6 8. Na3 b5 9. Nd5 Be7 10. Bxf6 Bxf6 11. c3 O-O
12. Nc2 Rb8 13. Be2 Bg5 14. O-O a5 15. b4 axb4 16. cxb4 Be6
17. a4 bxa4 18. Rxa4 Ne7 19. Nxe7+ Qxe7 20. b5 Bb3 21. Ra3 Qe6
22. Qd3 Bxc2 23. Qxc2 Bd8 24. Bc4 Qe7 25. Rf3 Bb6 26. Ra1 g6
27. Ra6 Kh8 28. g3 Bd4 29. Rc6 Bc5 30. Kg2 f5 31. exf5 gxf5
32. Rxf5 Rxf5 33. Qxf5 Rf8 34. Rc8 Qb7+ 0-1

[Event "World Junior Championship"]
[Site "Yerevan ARM"]
[Date "2007.10.05"]
[EventDate "2007.10.03"]
[Round "3"]
[Result "1-0"]
[White "Wesley So"]
[Black "Tigran Mamikonyan"]
[WhiteElo "2531"]
[BlackElo "2257"]
[PlyCount "103"]

1. e4 e5 2. Bc4 Nf6 3. d3 Nc6 4. Nc3 Na5 5. Qf3 Nxc4 6. dxc4
d6 7. h3 Be7 8. Nge2 O-O 9. O-O c6 10. Rd1 Be6 11. b3 Qc7
12. a4 Rad8 13. Ng3 Kh8 14. Nf5 Bxf5 15. Qxf5 g6 16. Qf3 Ng8
17. Qe3 a6 18. Bb2 Qc8 19. Ne2 Qe6 20. Nf4 Qc8 21. Nd3 f6
22. f4 Rfe8 23. Rf1 Bf8 24. Qg3 Bg7 25. fxe5 dxe5 26. Rf3 c5
27. a5 Qc6 28. Re1 Qc7 29. Bc3 Ne7 30. Qf2 Nc6 31. Qxc5 Qd7
32. Qf2 Qe7 33. h4 h5 34. Rf1 Kh7 35. Kh1 Nd4 36. Bxd4 Rxd4
37. Nf4 Rxe4 38. Nd5 Qd7 39. Nxf6+ Bxf6 40. Rxf6 Re7 41. Rf7+
Kh6 42. Rf8 Kh7 43. Qf7+ Rxf7 44. R1xf7+ Qxf7 45. Rxf7+ Kh6
46. Rxb7 Rxh4+ 47. Kg1 Rd4 48. c5 Rd5 49. b4 Kg5 50. c6 Rd4
51. c7 Rc4 52. b5 1-0

[Event "World Junior Championship"]
[Site "Yerevan ARM"]
[Date "2007.10.07"]
[EventDate "2007.10.03"]
[Round "5"]
[Result "1-0"]
[White "Wesley So"]
[Black "David Howell"]
[WhiteElo "2531"]
[BlackElo "2527"]
[PlyCount "73"]

1. e4 e5 2. Nf3 Nc6 3. Nc3 Nf6 4. d4 exd4 5. Nxd4 Bb4 6. Nxc6
bxc6 7. Bd3 d5 8. exd5 cxd5 9. O-O O-O 10. Bg5 c6 11. Qf3 Be7
12. Rfe1 Re8 13. h3 h6 14. Bf4 Nh7 15. Bxh6 Ng5 16. Bxg5 Bxg5
17. Rxe8+ Qxe8 18. Nxd5 Bd8 19. Ne3 Rb8 20. b3 Qe5 21. Rd1 Bc7
22. Bc4 Be6 23. Bxe6 Qxe6 24. Qf5 Qe8 25. Rd4 g6 26. Qe4 Qf8
27. Qxc6 Bb6 28. Rd3 Rc8 29. Qf3 Bxe3 30. Qxe3 Rxc2 31. Qxa7
Qe8 32. Qe3 Qc8 33. Qe7 Qf5 34. Rd8+ Kg7 35. Qf8+ Kf6 36. Qd6+
Kg5 37. h4+ 1-0

[Event "World Junior Championship"]
[Site "Yerevan ARM"]
[Date "2007.10.08"]
[EventDate "2007.10.03"]
[Round "6"]
[Result "1/2-1/2"]
[White "Georg Meier"]
[Black "Wesley So"]
[WhiteElo "2558"]
[BlackElo "2531"]
[PlyCount "27"]

1. e4 c5 2. Nf3 Nc6 3. Bb5 e6 4. O-O Nge7 5. Re1 Nd4 6. Nxd4
cxd4 7. d3 a6 8. Ba4 b5 9. Bb3 Nc6 10. Nd2 Be7 11. Qh5 O-O
12. Nf3 Qb6 13. Bd2 Bb7 14. Qg4 1/2-1/2